000 00638nam a22002417a 4500
003 UA-OsUOA
001 115061
007 ta
008 20151203b un ||||| |||| 00| 0 ukr d
090 _a222/224
942 _cBK
040 _aUA-OsUOA
_beng
_cUA-OsUOA
_dUA-OsUOA
245 _aTheological Dictionary of the Old Testament
_bV. 3
_cG. J. Botterweck
300 _a463 p.
955 _a2
041 _aeng
080 _a222/224
020 _a0-8028-2338-6
260 _aMichigan
_bWBEPC
_c1988
650 7 _a22 Біблія. Святе писання
_2UDC
999 _c401169
_d401169